00308nam a22000977a 4500008004100000022001400041040005500055245002700110260006100137310001200198230313b |||||||| |||| 00| 0 eng d a0037-010X aNational Science LibrarycNational Science Library aSeafood export journal aCochin: bSeafood Exporters Association of India, c1969 aMonthly